History Quiz

Random History or Country Quiz

Countries by Historical Travel Posters Quiz Stats

Quiz Updated Aug 7, 2013

Also try: Movie Posters
Challenge
Share
Tweet
Score 0/20 Timer 04:00
0 Plays Today
Letter Country % Correct
DAustralia
95.1%
BEgypt
95.1%
BFrance
94.8%
AMexico
94.7%
BJapan
92.8%
DGreece
92.1%
EIndia
92.1%
ECanada
89.4%
ERussia
89%
AChina
85.4%
Letter Country % Correct
AIsrael
81.6%
CGermany
77.7%
ENetherlands
77.1%
CItaly
73.4%
CBrazil
72.8%
DSouth Africa
68.5%
ASpain
67.2%
CIreland
47.8%
DMorocco
44.3%
BNorway
10.7%

You're not logged in!

Compare scores with friends on all Sporcle quizzes.
Join for Free
OR
Log In

You Might Also Like...

Show Comments

Extras

Top Quizzes Today


Score Distribution

Your Account Isn't Verified!

In order to create a playlist on Sporcle, you need to verify the email address you used during registration. Go to your Sporcle Settings to finish the process.

Report this User

Report this user for behavior that violates our Community Guidelines.

Details: